Funciones del comunicador en una empresa minera con un ambiente de calidad total /

שמור ב:
מידע ביבליוגרפי
מחבר ראשי: Romo Gil, Alejandro (autor)
פורמט: ספר
שפה:ספרדית
יצא לאור: Guadalajara, México : edición de autor, 1996
תגים: הוספת תג
אין תגיות, היה/י הראשונ/ה לתייג את הרשומה!

MARC

LEADER 00000nam^a2200000^a^4500
001 000591133
005 20250521000000.0
009 20260310132922.862
037 |a Acervo ITESO - Biblioteca 
041 |a ESP 
091 |a FCR. 00907 
100 |a Romo Gil, Alejandro  |e (autor) 
245 1 0 |a Funciones del comunicador en una empresa minera con un ambiente de calidad total / 
264 4 |a Guadalajara, México :  |b edición de autor,  |c 1996 
300 |a 71 p. 
336 |a texto  |b txt  |2 rdacontenido 
337 |a sin mediación  |b n  |2 rdamedio 
338 |a volumen  |b nc  |2 rdasoporte 
649 |a XX 
910 |a Fondo Cristina Romo Gil 
920 |a Impresos - Libros 
930 |a Fondos Especiales 
905 |a 143 
901 |a 1100031121  |b IT2  |c ESP  |i D121293  |u 20250521 
902 |a https://opac.biblio.iteso.mx/vufind/Record/000591133